000 00358nam a2200121Ia 4500
008 220204s9999 xx 000 0 und d
082 _a331(540)
_bSEV
245 0 _aSeventh digest of Indian labour research (1993-97)
260 _aChandigarh/Simla
_bLabour Bureau, Ministry of Labour, G
490 _aovt of India 1999
650 _aChild labour
942 _cBK
999 _c43911
_d43911